=LDR 00000nam 2200000 4500 =001 INLIS000000000006383 =005 20220610020821 =035 ##$$a 0010-0622000244 =245 1#$$a Mounters Scale to Varying Production Lots /$c TETSUO HIRAYAMA =100 1#$$a HIRAYAMA, Tetsuo =250 ##$$a Edisi Vol. 19, Serial No. 211 April 2014 =300 ##$$a 82 halaman : $b Tabel, Gambar ; $c 21x28 cm =260 ##$:$b Dempa Asia Electronics Industry,$c 2014 =082 ##$$a 050.37 =084 ##$$a 050.37 HIR m =500 ##$$a Special Report : Car Chip Solutions Drive Safety, Infortainment Apps In View This Month : Capacitors Brave High Temperatures =990 ##$$a 24/MJ-16